000 00628nam a2200229Ia 4500
003 OSt
005 20221006164625.0
006 a|||||r|||| 00| 0
007 ta
008 221006b |||||||| |||| 00| 0 eng d
024 _a2,223
037 _cTextual
040 _aFML
_cFML
_beng
041 _2eng
_aeng
082 _aNR44,(Y7), N8 -; 2
100 _aRanade Ashok D. Au.
_9155347
245 0 _aEssays in Indian Ethnomusicalogy
260 _aDelhi
_bMunshiram Manoharlal
_c1998
300 _a342
_ccm.
942 _hNR44,(Y7), N8 -; 2
_cTEXL
_2CC
999 _c1117885
_d1117885